000 00475nam a2200181Ia 4500
001 24450
005 20260414151044.0
008 260414t2020||||xx |||||||||||||| ||spa||
041 _aESP
082 _a345.7
_bP75
100 _aPolanco Gutiérrez, Carlos E.,
_eAUT
245 0 _aLitigación oral civil :
_bl juez y los abogados en nuevo proceso civil
260 _c2020
300 _a366 páginas :
_c\N
650 _aDER
654 _aCDE
942 _cLIB
_dJUS
_fJUS
_2ddc
_n
999 _c24450
_d24450